Persona Περσόνα

Η Ελίζαμπετ Βόγκλερ, μια νεαρή ηθοποιός, οδηγείται σταδιακά στην τρέλα. Η Άλμα, μια νεαρή νοσοκόμα, αναλαμβάνει την επίβλεψή της. Το ταξίδι των δύο γυναικών σ' ένα παραθαλάσσιο θέρετρο θα τις φέρει αντιμέτωπες με τα λάθη του παρελθόντος, τις φοβίες τους και την ζωτική ανάγκη τους να αγαπηθούν....

Full description

Saved in:
Bibliographic Details
Other Authors: Bergman, Ingmar, 1918-2007 (Director, Screenwriter), Ullmann, Liv (Actor), Andersson, Bibi, 1935-2019 (Actor), Krook, Margaretha, 1925-2001 (Actor), Björnstrand, Gunnar, 1909-1986 (Actor)
Format: Slide
Language:Swedish
Greek
Published: [Χ.τ.] : [χ.ό.], 1966.
Series:Ταινιοθήκη του Σινεμά ; 44
Subjects:
Tags: Add Tag
No Tags, Be the first to tag this record!

MARC

LEADER 00000ngm a2200000 a 4500
001 1/126267
008 230310s1966####xx ||| | || ||swe||
040 |a GR-MyUa  |b gre  |c GR-MyUa  |e AACR2 
041 0 |a swe  |j gre 
082 7 |a 791.437   |2 (23) 
245 0 0 |a Persona   |h [μαγνητοσκόπηση] =   |b Περσόνα /   |c του Ίνγκμαρ Μπέργκμαν. 
246 1 |i Παράλληλος τίτλος:   |a Περσόνα 
260 |a [Χ.τ.] :   |b [χ.ό.],   |c 1966. 
300 |a 1 βιντεοδίσκος (85 λεπτά) :   |b ομίλ., ασπρόμ. ;   |c 4 3/4 ίν. 
490 1 |a (Η ταινιοθήκη του Σινεμά ;   |v 44) 
500 |a Κυκλοφόρησε πρώτη φορά ως κινηματογραφική ταινία το 1966. 
501 |a Περιλαμβάνεται σε κασετίνα μαζί με: Saraband. 
508 |a Φωτογραφία, Σβεν Νίκβιστ ; μοντάζ, Ούλα Ράιγκε ; μουσική, Λαρς Γιόχαν Βέρλε. 
511 0 |a Λιβ Ούλμαν, Μπίμπι Άντερσον, Μαργκαρέτα Κρουκ, Γκούναρ Μπιόρνστραντ. 
520 8 |a Η Ελίζαμπετ Βόγκλερ, μια νεαρή ηθοποιός, οδηγείται σταδιακά στην τρέλα. Η Άλμα, μια νεαρή νοσοκόμα, αναλαμβάνει την επίβλεψή της. Το ταξίδι των δύο γυναικών σ' ένα παραθαλάσσιο θέρετρο θα τις φέρει αντιμέτωπες με τα λάθη του παρελθόντος, τις φοβίες τους και την ζωτική ανάγκη τους να αγαπηθούν.  
546 |a Στα σουηδικά με υπότιτλους στα ελληνικά. 
650 0 |a Mental illness  |v Drama. 
655 7 |a Feature films  |2 lcgft 
700 1 |a Bergman, Ingmar,   |d 1918-2007,  |e drt  |e aus 
700 1 |a Ullmann, Liv,  |e act 
700 1 |a Andersson, Bibi,   |d 1935-2019,  |e act 
700 1 |a Krook, Margaretha,   |d 1925-2001,  |e act 
700 1 |a Björnstrand, Gunnar,   |d 1909-1986,  |e act 
830 0 |a Ταινιοθήκη του Σινεμά ;  |v 44 
970 |a Κοντού  |b Παρασκευή  |z 10/03/2023